Interpelacija u prezidenta Ukrajinŷ za uznanja Rusyniv jak samostatnoj narodnosty (pysmo prezidentovy Ukrajinŷ Petrovy Porošenkovy od severoamyryc'kŷch Rusyniv.)
| Main Author: | |
|---|---|
| Other Authors: | |
| Format: | Article |
| Language: | Ukrainian |
| Subjects: | |
| Online Access: | http://narodny-novynky.presov.sk http://www. rusynacademy.sk http://uk.wikipedia.org/wiki/%D0%94%D1%80%D1%83%D0%B7%D0%B5%D0%BD%D0%BA%D0%BE_%D0%93%D0%B5%D0%BD%D0%BD%D0%B0%D0%B4%D1%96%D0%B9_%D0%92%D0%BE%D0%BB%D0%BE%D0%B4%D0%B8%D0%BC%D0%B8%D1%80%D0%BE%D0%B2%D0%B8%D1%87 |
MARC
| LEADER | 00000nab a2200000 a 4500 | ||
|---|---|---|---|
| 001 | vtls010679907 | ||
| 003 | SK-MaSNL | ||
| 005 | 20260318121632.0 | ||
| 008 | 150519c2015 xo br p 000 c0ukr | ||
| 015 | |a SNBRB2015/05 | ||
| 038 | |a SVKPOCL | ||
| 040 | |a SVKPOCL |b slo |c SVKPOCL |e AACR2 | ||
| 041 | 0 | |a ukr | |
| 044 | |a xo |c SK | ||
| 080 | |a 80(=16)+908(4) |2 2001 | ||
| 080 | |a 80(=161.2)+908(437.6) |2 2001 | ||
| 080 | |a 314.113:323.1 |2 2001 | ||
| 080 | |a 323.1 |2 2001 | ||
| 080 | |a 323.15(=161.25)(477) |2 2001 | ||
| 080 | |a 323.15(=161.25)(7) |2 2001 | ||
| 080 | |a 005.91:82-6 |2 2001 | ||
| 100 | 1 | |a Druzenko, Hennadij Volodymyrovyč, |d 1972- |4 aut |9 1582736 | |
| 245 | 1 | 0 | |a Interpelacija u prezidenta Ukrajinŷ za uznanja Rusyniv jak samostatnoj narodnosty |b (pysmo prezidentovy Ukrajinŷ Petrovy Porošenkovy od severoamyryc'kŷch Rusyniv.) |c Hennadij Druzenko ; pereklad z ukrajin'skoho originalu do rusyn'skoho jazŷka: A. Z. |
| 300 | |b Fotogr. | ||
| 500 | |a Meno po otcovi a rok narodenia autora bolo prebraté z webovej stránky http://uk.wikipedia.org/wiki/%D0%94%D1%80%D1%83%D0%B7%D0%B5%D0%BD%D0%BA%D0%BE_%D0%93%D0%B5%D0%BD%D0%BD%D0%B0%D0%B4%D1%96%D0%B9_%D0%92%D0%BE%D0%BB%D0%BE%D0%B4%D0%B8%D0%BC%D0%B8%D1%80%D0%BE%D0%B2%D0%B8%D1%87 | ||
| 500 | |a A. Z. pozri Zozuľák, Alexander | ||
| 504 | |a Bibliogr. odkazy | ||
| 648 | 7 | |a 29.10.2014 |2 svkpocl |9 1098027 | |
| 650 | 0 | 7 | |a národnostná politika |2 svkpocl |9 4656 |
| 650 | 0 | 7 | |a slavistika |2 svkpocl |9 4282 |
| 650 | 0 | 7 | |a rusinistika |2 svkpocl |9 90871 |
| 650 | 0 | 7 | |a Rusíni |z Ukrajina |2 svkpocl |9 535362 |
| 650 | 0 | 7 | |a Rusíni |z Severná Amerika |2 svkpocl |9 1084086 |
| 650 | 0 | 7 | |a listy |2 svkpocl |9 31005 |
| 650 | 0 | 7 | |a odpovede |2 svkpocl |9 879294 |
| 651 | 7 | |a Ukrajina |2 svkpocl |9 168045 | |
| 651 | 7 | |a Severná Amerika |2 svkpocl |9 22757 | |
| 655 | 7 | |a články z novín a časopisov |2 svkpocl |9 267496 | |
| 700 | 1 | |a Zozuľák, Alexander, |d 1953- |4 pht |9 103738 | |
| 773 | 0 | |t Rusyn |g Roč. XXIV, č. 1 (2015), s. 2-4 |x 1339-5483 | |
| 852 | |a SVKPO |b KIS3GCP | ||
| 856 | 4 | 1 | |u http://narodny-novynky.presov.sk |
| 856 | 4 | 1 | |u http://www. rusynacademy.sk |
| 856 | 4 | 1 | |u http://uk.wikipedia.org/wiki/%D0%94%D1%80%D1%83%D0%B7%D0%B5%D0%BD%D0%BA%D0%BE_%D0%93%D0%B5%D0%BD%D0%BD%D0%B0%D0%B4%D1%96%D0%B9_%D0%92%D0%BE%D0%BB%D0%BE%D0%B4%D0%B8%D0%BC%D0%B8%D1%80%D0%BE%D0%B2%D0%B8%D1%87 |
| 958 | |a RN | ||
| 958 | |a UA | ||
| 958 | |a US | ||
| 958 | |a SS | ||
| 958 | |a NB | ||
| 999 | |c 3237456 |d 3239386 | ||


